[Event "Druzynowe Mistrzostwa Polski II Liga"]
[Site "Szklarska Poreba"]
[Date "1899-12-30"]
[Round "6.70"]
[White "Koziol, Pawel"]
[Black "Gosciniak, Tomasz"]
[Result "1-0"]
[WhiteTitle "I++"]
[BlackTitle "I"]
[WhiteElo "1910"]
[BlackElo "1924"]

1. Nf3 d5 2. g3 Nf6 3. Bg2 Bg4 4. h3 Bh5 5. d3 c6 6. O-O e6 7. Nbd2 Bd6 8. e4 Qc7
9. Qe1 Nbd7 10. Nb3 O-O-O 11. Bd2 Bg6 12. Nh4 dxe4 13. dxe4 Nc5 14. Nxg6 hxg6
15. Qe3 b6 16. Nd4 Ncxe4 17. Bxe4 Bc5 18. c3 e5 19. Qf3 Nxe4 20. Qxe4 exd4 21.
b4 dxc3 22. Bxc3 Qxg3+ 23. Qg2 Qxg2+ 24. Kxg2 Bd4 25. Rac1 Bxc3 26. Rxc3 Kc7 27.
Rfc1 Rd6 28. Ra3 Kb7 29. Re3 Rhd8 30. Re7+ R8d7 31. Rce1 Kc7 32. Re8 Rd4 33. a3
c5 34. bxc5 bxc5 35. Rc1 c4 36. Re3 Kc6 37. Rec3 Kc5 38. R1c2 Re7 39. Rf3 Kd5
40. Rfc3 Rc7 41. Rg3 Rd1 42. Rgc3 Kd4 43. Rg3 f6 44. Rcc3 Rd3 45. Rgxd3+ cxd3
46. Rxc7 d2 47. Rd7+ Kc3 48. Kf1 1-0

[Event "Druzynowe Mistrzostwa Polski II Liga"]
[Site "Szklarska Poreba"]
[Date "1899-12-30"]
[Round "6.71"]
[White "Kowalski, Maciej"]
[Black "Szymczak, Rafal"]
[Result "1/2-1/2"]
[WhiteTitle "k"]
[BlackTitle "k"]
[WhiteElo "2060"]
[BlackElo "1956"]

1. d4 d5 2. c4 e6 3. Nc3 Nf6 4. cxd5 exd5 5. Bg5 Be7 6. e3 c6 7. Bd3 Ne4 8. Bxe7
Qxe7 9. Qc2 Nd6 10. Nf3 g6 11. O-O O-O 12. b4 Bf5 13. b5 Bxd3 14. Qxd3 Nd7 15.
bxc6 bxc6 16. Na4 Nc4 17. Nd2 Nxd2 18. Qxd2 Qa3 19. Nb2 c5 20. dxc5 Nxc5 21. Qxd5
Qxb2 22. Qxc5 Rfc8 23. Qd5 Rab8 24. h4 h5 25. Rad1 Rc2 26. a4 Qa2 27. Qe5 Rbc8
28. Rd4 R2c5 29. Qe7 Kg7 30. Rf4 Qe6 31. Qxa7 Rc4 32. a5 Rxf4 33. exf4 Rc4 34.
Qb8 Ra4 35. Qb5 Qa2 36. Qe5+ Kh7 37. f5 Rxa5 38. fxg6+ fxg6 39. Qc7+ Kh6 40. Rd1
Rf5 41. Qc1+ Kg7 42. Qa1+ Qxa1 43. Rxa1 Rf4 44. g3 Rb4 45. Kg2 Rb3 46. Ra6 Kf7
47. Ra4 Kg7 48. Rf4 Ra3 49. Rf3 Ra4 50. Re3 Kf6 51. Kf3 Kf5 52. Rd3 Ra5 53. Ke3
Rb5 54. Kf3 Ra5 55. Kg2 Kf6 56. Rd4 Ra1 57. Rf4+ Kg7 58. Rf3 Ra4 59. Rb3 Kf6 60.
f3 Kf5 61. Kh3 Kf6 62. g4 hxg4+ 63. fxg4 Ra6 64. g5+ Kg7 65. Rb4 Ra1 66. Kg4 Rf1
67. Rf4 Ra1 68. Kf3 Ra3+ 69. Kg4 Ra1 70. Rd4 Rf1 71. Rd3 Ra1 72. Rd7+ Kg8 73.
Kf4 Rf1+ 74. Ke5 Rf2 75. Rd4 Kg7 76. Rf4 1/2-1/2

[Event "Druzynowe Mistrzostwa Polski II Liga"]
[Site "Szklarska Poreba"]
[Date "1899-12-30"]
[Round "6.72"]
[White "Baranska, Monika"]
[Black "Gosciniak, Maria"]
[Result "0-1"]
[WhiteTitle "I++"]
[BlackTitle "WFM"]
[WhiteElo "1735"]
[BlackElo "2070"]

1. d4 c5 2. d5 Nf6 3. c4 g6 4. Nc3 Bg7 5. e4 d6 6. Bd3 O-O 7. Nge2 e6 8. Bg5 Nbd7
9. Bc2 Nb6 10. b3 h6 11. Bd2 exd5 12. cxd5 Re8 13. O-O a6 14. Rb1 Nbd7 15. f3
b5 16. Qc1 Kh7 17. Nd1 a5 18. a3 b4 19. a4 Ba6 20. Re1 Nxd5 21. Nf4 Nxf4 22. Bxf4
Be5 23. Bxe5 dxe5 24. Ne3 Nb6 25. Bd1 Rc8 26. Ng4 h5 27. Ne3 Re7 28. Be2 Bxe2
29. Rxe2 Rd7 30. Nc4 Nxc4 31. Qxc4 Kg7 32. Rc1 Rd1+ 33. Rxd1 Qxd1+ 34. Kf2 Qd4+
35. Qxd4 cxd4 36. Rb2 Rc3 37. Ke2 Kf6 38. h4 Ke6 39. Kf2 f5 40. exf5+ gxf5 41.
Ke2 Kd5 42. Kd2 e4 43. Ke2 Ke5 44. Kf2 e3+ 0-1

[Event "Druzynowe Mistrzostwa Polski II Liga"]
[Site "Szklarska Poreba"]
[Date "1899-12-30"]
[Round "6.73"]
[White "Snihur, Piotr"]
[Black "Zebracki, Tomasz"]
[Result "1-0"]
[WhiteTitle "k"]
[BlackTitle "k"]
[WhiteElo "2181"]
[BlackElo "2188"]

1. d4 Nf6 2. c4 e6 3. Nc3 d5 4. cxd5 exd5 5. Bg5 Nbd7 6. e3 c6 7. Bd3 Bd6 8. Qc2
h6 9. Bh4 O-O 10. Nf3 b6 11. O-O Bb7 12. Rfd1 Rc8 13. Bf5 Rc7 14. e4 Be7 15. Bg3
Rc8 16. e5 Nh5 17. e6 Nxg3 18. Bh7+ Kh8 19. exd7 Qxd7 20. hxg3 f5 21. Bg6 Qe6
22. Re1 Qxg6 23. Rxe7 1-0

[Event "Druzynowe Mistrzostwa Polski II Liga"]
[Site "Szklarska Poreba"]
[Date "1899-12-30"]
[Round "6.74"]
[White "Paprocki, Jaroslaw"]
[Black "Nowak, Mikolaj"]
[Result "1/2-1/2"]
[WhiteTitle "k"]
[BlackTitle "I++"]
[WhiteElo "2161"]
[BlackElo "2088"]

1. d4 Nf6 2. c4 d6 3. g3 g6 4. b3 c5 5. Nf3 cxd4 6. Nxd4 e5 7. Nf3 Nc6 8. Nc3 Be6
9. e4 Be7 10. Bg2 O-O 11. Bh6 Re8 12. h3 Nd7 13. Qd2 Nc5 14. O-O Qa5 15. Ng5 Nd4
16. Kh2 a6 17. f4 Bf8 18. Bxf8 Rxf8 19. Rab1 Qb4 20. Nf3 Nxf3+ 21. Rxf3 exf4 22.
Rxf4 Nd7 23. Rd1 Rfd8 24. Rf2 Qc5 25. Qd4 Rac8 26. Rfd2 Qxd4 27. Rxd4 Ne5 28.
Nd5 Kf8 29. Nf4 Ke7 30. Kg1 b5 31. cxb5 axb5 32. Kf2 Ra8 33. R1d2 Nc6 34. Nd5+
Bxd5 35. Rxd5 Rdb8 36. Rxd6 Rxa2 37. Rd7+ Ke6 38. R7d6+ Ke7 39. Rd7+ Ke6 40. Rxa2
Kxd7 41. Ke3 Kd6 42. Kf4 f6 43. h4 Kc5 44. Rc2+ Kb6 45. Rd2 Rd8 46. Rxd8 Nxd8
47. e5 Ne6+ 48. Ke4 Nc5+ 49. Kd5 fxe5 50. Kxe5 Nxb3 51. Bd5 Nd2 52. Bg8 h6 53.
Bh7 g5 54. Kf5 Nf1 55. hxg5 hxg5 56. Kxg5 Kc5 57. Bd3 Nxg3 58. Bxb5 1/2-1/2

[Event "Druzynowe Mistrzostwa Polski II Liga"]
[Site "Szklarska Poreba"]
[Date "1899-12-30"]
[Round "6.75"]
[White "Szadkowski, Krzysztof"]
[Black "Wisniewski, Przemyslaw"]
[Result "1/2-1/2"]
[WhiteTitle "k"]
[BlackTitle "k"]
[WhiteElo "2130"]
[BlackElo "2010"]

1. c4 e5 2. Nc3 Nc6 3. Nf3 g6 4. g3 Bg7 5. Bg2 Nge7 6. O-O O-O 7. Rb1 d5 8. cxd5
Nxd5 9. Nxe5 Nxc3 10. Nxc6 Nxe2+ 11. Qxe2 bxc6 12. Bxc6 Rb8 13. d3 Rb6 14. Bg2
Ba6 15. Rd1 Rd6 16. Bf1 Re8 17. Qc2 Qf6 18. Bf4 Rde6 19. Qa4 g5 20. Be3 Qf5 21.
d4 Bb7 22. Qb5 Bd5 23. Bg2 c6 24. Qa5 g4 25. Rbc1 h5 26. Rc5 Rxe3 27. fxe3 Bh6
28. Rxd5 Bxe3+ 29. Kh1 cxd5 30. Rf1 Qg5 31. Qxd5 Qxd5 32. Bxd5 Re7 33. h3 Bxd4
34. hxg4 hxg4 35. b4 Be5 36. Kg2 Bd6 37. a3 Re2+ 38. Kg1 Re7 39. Kg2 Re2+ 40.
Kg1 Re7 41. Rf6 Bxg3 42. Rg6+ Kf8 43. Rxg4 Bd6 44. Kf2 Re5 45. Bc4 a5 46. Rf4
axb4 47. axb4 Bxb4 48. Rxf7+ 1/2-1/2

[Event "Druzynowe Mistrzostwa Polski II Liga"]
[Site "Szklarska Poreba"]
[Date "1899-12-30"]
[Round "6.76"]
[White "Rak, Tomasz"]
[Black "Kwiatkowski, Wiktor"]
[Result "0-1"]
[WhiteTitle "k"]
[BlackTitle "I"]
[WhiteElo "2051"]
[BlackElo "1933"]

1. Nf3 c5 2. c4 Nc6 3. d4 cxd4 4. Nxd4 g6 5. Nc2 Bg7 6. g3 Nf6 7. Bg2 O-O 8. Qd2
d6 9. Nc3 Ng4 10. b3 Qa5 11. Bb2 Be6 12. h3 Nge5 13. Ne3 Rfc8 14. O-O Rab8 15.
Rad1 a6 16. Qc1 b5 17. cxb5 axb5 18. Qa1 Qa7 19. Ncd5 Bxd5 20. Nxd5 e6 21. Nf4
Nb4 22. Rxd6 Nc2 23. Qb1 Nb4 24. Rd2 Nbc6 25. Rfd1 Nc4 26. bxc4 bxc4 27. Qa1 Rxb2
28. Rxb2 Qa3 29. Rdb1 Nb4 30. Be4 Be5 31. Bd3 cxd3 32. Nxd3 Nxd3 33. exd3 Qxd3
34. Re1 Bd4 35. Rb3 Qd2 36. Re2 Rc1+ 37. Kg2 Qd1 38. Rb8+ Kg7 39. Re1 Qxe1 40.
Qxd4+ e5 0-1

[Event "Druzynowe Mistrzostwa Polski II Liga"]
[Site "Szklarska Poreba"]
[Date "1899-12-30"]
[Round "6.77"]
[White "Leskiewicz, Ignacy"]
[Black "Budnik, Mateusz"]
[Result "1/2-1/2"]
[WhiteTitle "I+"]
[BlackTitle "I++"]
[WhiteElo "1770"]
[BlackElo "1935"]

1. e4 c5 2. Nf3 e6 3. d4 cxd4 4. Nxd4 a6 5. Nc3 b5 6. Be3 Bb7 7. f3 Qc7 8. Qd2
Nf6 9. g4 d6 10. O-O-O Nc6 11. h4 Be7 12. g5 Nd7 13. h5 Nxd4 14. Bxd4 e5 15. Be3
Rc8 16. Bh3 Qc4 17. Kb1 Rf8 18. Qg2 g6 19. hxg6 hxg6 20. f4 b4 21. Nd5 Bxd5 22.
Rxd5 Rd8 23. f5 Rg8 24. fxg6 Rxg6 25. Bf5 Rg8 26. Qf3 Nf8 27. Rf1 Rg7 28. g6 Nxg6
29. b3 Qc3 30. Rd3 Qc6 31. Qh5 Nf8 32. Bh6 Rg2 33. Bd2 Ng6 34. Bh3 Qxe4 35. Bxg2
Qxg2 36. Re1 a5 37. Qf5 Nh4 38. Qh5 Ng6 39. Bc1 Qf2 40. Re2 Qf1 41. Qf3 Qxf3 42.
Rxf3 Nh4 43. Rd3 f5 44. Rh3 1/2-1/2

[Event "Druzynowe Mistrzostwa Polski II Liga"]
[Site "Szklarska Poreba"]
[Date "1899-12-30"]
[Round "6.78"]
[White "Borkowska, Zuzanna"]
[Black "Pastuszko, Kinga"]
[Result "0-1"]
[WhiteTitle "I"]
[BlackTitle "k+"]
[WhiteElo "1634"]
[BlackElo "1971"]

1. e4 c5 2. Nf3 d6 3. d4 cxd4 4. Qxd4 Nc6 5. Bb5 Bd7 6. Bxc6 Bxc6 7. Nc3 e5 8.
Qd3 h6 9. Be3 Nf6 10. h3 Be7 11. O-O-O a6 12. Nd2 b5 13. Nd5 Bxd5 14. exd5 O-O
15. f4 Nd7 16. g4 Bf6 17. Ne4 exf4 18. Bxf4 Be5 19. Be3 Nf6 20. Nxf6+ Qxf6 21.
Bd4 Qf4+ 22. Qe3 Qxe3+ 23. Bxe3 Rfe8 24. Rd3 a5 25. Rf1 a4 26. Bf4 Rac8 27. Bxe5
Rxe5 28. Rf4 Re2 29. c3 a3 30. Rb4 Rc5 31. Kb1 axb2 32. Rxb2 Re1+ 33. Kc2 Re5
34. Rb4 Rcxd5 35. Rbd4 Rc5 36. Rxd6 b4 37. Kb3 bxc3 38. Rxc3 Rb5+ 39. Kc4 Ra5
40. a3 Rec5+ 41. Kd4 Rxc3 42. Kxc3 Rxa3+ 43. Kd4 Rxh3 44. Ke4 g6 45. Kf4 Kg7 46.
Ra6 g5+ 47. Ke5 Re3+ 48. Kd5 Rd3+ 49. Ke5 f6+ 50. Ke6 Rd4 51. Ra7+ Kg6 52. Ra8
Re4+ 53. Kd5 Rxg4 54. Rg8+ Kf7 55. Ra8 h5 0-1

[Event "Druzynowe Mistrzostwa Polski II Liga"]
[Site "Szklarska Poreba"]
[Date "1899-12-30"]
[Round "6.79"]
[White "Nowicki, Bartosz"]
[Black "Stysiak, Szymon"]
[Result "1-0"]
[WhiteTitle "k++"]
[BlackTitle "k"]
[WhiteElo "2261"]
[BlackElo "2191"]

1. e4 e6 2. d4 d5 3. Nc3 Bb4 4. e5 c5 5. a3 Bxc3+ 6. bxc3 Ne7 7. a4 Qc7 8. Nf3
b6 9. Bb5+ Bd7 10. Be2 Nbc6 11. O-O Na5 12. Qd2 h6 13. Ra2 Bc6 14. Qf4 c4 15.
h4 Qd7 16. h5 Rg8 17. Ba3 Bxa4 18. Nh4 b5 19. g4 g5 20. hxg6 Nxg6 21. Qxh6 O-O-O
22. Nxg6 Rxg6 23. Qh4 Nc6 24. Kg2 Rdg8 25. f4 Qd8 26. Qxd8+ Kxd8 27. Rh1 f6 28.
Kf2 f5 29. g5 R6g7 30. Bc5 a6 31. Raa1 Ne7 32. Rh6 Rg6 33. Rah1 Rxh6 34. Rxh6
Ng6 35. Ke3 b4 36. cxb4 Be8 37. Bh5 Bf7 38. Rh7 Ke8 39. Bd6 Nh8 40. Bd1 Ng6 41.
c3 Ne7 42. Ba4+ Kf8 43. Bd7 Rg6 44. Rh6 1-0

[Event "Druzynowe Mistrzostwa Polski II Liga"]
[Site "Szklarska Poreba"]
[Date "1899-12-30"]
[Round "6.80"]
[White "Kaminski, Piotr"]
[Black "Parol, Pawel"]
[Result "1/2-1/2"]
[WhiteTitle "k"]
[BlackTitle "k"]
[WhiteElo "2129"]
[BlackElo "2086"]

1. d4 d5 2. c4 c6 3. Nf3 Nf6 4. g3 Bf5 5. Nbd2 Nbd7 6. Bg2 h6 7. O-O e6 8. Ne5
Bd6 9. Nxd7 Qxd7 10. f3 Be7 11. e4 dxe4 12. Nxe4 O-O 13. Be3 Rfd8 14. Qe2 Rac8
15. Rad1 b6 16. Nxf6+ Bxf6 17. g4 Bh7 18. f4 Qe7 19. Qf2 Bh4 20. Qf3 Rd7 21. b3
Bf6 22. Rd2 Rcd8 23. Rfd1 c5 24. d5 exd5 25. cxd5 Re8 26. Bf2 Be4 27. Qg3 Bxg2
28. Kxg2 Qe4+ 29. Kg1 Qb4 30. h4 Re4 31. g5 Rxf4 32. a3 Qe4 33. Qh3 Rg4+ 34. Kf1
Qf5 35. Rd3 Be5 36. Rf3 Bf4 37. gxh6 g5 38. hxg5 Qxg5 39. h7+ Kh8 40. Re1 Rd8
41. b4 f6 42. Re4 f5 43. Re6 Bd6 44. Rfe3 Bf8 45. d6 Re4 46. R6xe4 fxe4 47. Rg3
Qc1+ 48. Kg2 Bxd6 49. Rg8+ Rxg8+ 50. hxg8=Q+ Kxg8 51. Qe6+ Kg7 52. Qd7+ Kg8 53.
Qxd6 Qg5+ 54. Qg3 Qxg3+ 55. Kxg3 cxb4 56. axb4 Kf7 57. Kf4 Ke6 58. Kxe4 Kd6 59.
Kd4 Kc6 60. Kc4 b5+ 61. Kd4 a5 62. bxa5 Kb7 63. Kc5 Ka8 64. Kxb5 Kb7 1/2-1/2

[Event "Druzynowe Mistrzostwa Polski II Liga"]
[Site "Szklarska Poreba"]
[Date "1899-12-30"]
[Round "6.81"]
[White "Suliborski, Jakub"]
[Black "Szmyd, Arkadiusz"]
[Result "1/2-1/2"]
[WhiteTitle "I++"]
[BlackTitle "k"]
[WhiteElo "2090"]
[BlackElo "2136"]

1. d4 Nf6 2. Nc3 d5 3. Bg5 e6 4. e4 dxe4 5. Nxe4 Nbd7 6. Nf3 Be7 7. Bxf6 Bxf6 8.
Bd3 b6 9. Qe2 Bb7 10. O-O O-O 11. Rad1 Qe7 12. Rd2 Rad8 13. Rfd1 c5 14. Nxf6+
Qxf6 15. Be4 Bc8 16. d5 exd5 17. Bxd5 Rde8 18. Qc4 Ne5 19. Nxe5 Qxe5 20. Bc6 Re6
21. Bd5 Ree8 22. Bc6 Re6 23. Bd5 Ree8 1/2-1/2

[Event "Druzynowe Mistrzostwa Polski II Liga"]
[Site "Szklarska Poreba"]
[Date "1899-12-30"]
[Round "6.82"]
[White "Knopik, Krzysztof"]
[Black "Rykala, Monika"]
[Result "1-0"]
[WhiteTitle "k"]
[BlackTitle "I++"]
[WhiteElo "2098"]
[BlackElo "1863"]

1. e4 c5 2. Nf3 d6 3. Nc3 Nf6 4. Bc4 e6 5. d3 Be7 6. O-O Nc6 7. h3 a6 8. a4 O-O
9. Bf4 Bd7 10. Bh2 Qb6 11. Qc1 Nd4 12. Nxd4 cxd4 13. Ne2 Rac8 14. Bb3 Qc5 15.
Qd1 h6 16. Kh1 Kh8 17. f4 Nh7 18. Bg1 Bf6 19. c3 e5 20. Rf3 exf4 21. cxd4 Qb4
22. Rxf4 Ng5 23. Be3 Qa5 24. Ng3 Ne6 25. Rxf6 gxf6 26. d5 Ng7 27. Bd4 Qd8 28.
Nh5 Nxh5 29. Qxh5 Kh7 30. Rf1 f5 31. h4 Qe7 32. Rxf5 f6 33. Rf1 Qg7 34. Qf3 Rf7
35. Bxf6 Qg6 36. d4 Bg4 37. Qf4 Rg8 38. g3 Bh3 39. Rf3 Rxf6 40. Qxf6 Qxe4 41.
Kh2 Qb1 42. Rf2 1-0

[Event "Druzynowe Mistrzostwa Polski II Liga"]
[Site "Szklarska Poreba"]
[Date "1899-12-30"]
[Round "6.83"]
[White "Zychowicz, Marcin"]
[Black "Zawierucha, Aleksander"]
[Result "1/2-1/2"]
[WhiteTitle "II+"]
[BlackTitle "k"]
[WhiteElo "1857"]
[BlackElo "1907"]

1. e4 Nf6 2. e5 Nd5 3. d4 d6 4. c4 Nb6 5. exd6 exd6 6. Nc3 Be7 7. Bd3 Nc6 8. Nge2
Bg4 9. Be3 Bf6 10. f3 Bh4+ 11. Ng3 Bh5 12. O-O Bg6 13. b3 O-O 14. Nf5 Bf6 15.
Be4 Re8 16. Re1 Bxf5 17. Bxf5 Rxe3 18. Rxe3 Bxd4 19. Qd2 Qg5 20. Rae1 Bxe3+ 21.
Qxe3 Qxe3+ 22. Rxe3 g6 23. Bh3 a6 24. f4 Kf8 25. g3 Re8 26. Rxe8+ Kxe8 27. Bg2
Kd7 28. Kf2 Nd8 29. Ke3 c6 30. g4 f6 31. h4 h6 32. Be4 g5 33. fxg5 fxg5 34. hxg5
hxg5 35. Bf5+ Ke7 36. Ne4 d5 37. cxd5 Nxd5+ 38. Kd4 Nf7 39. Bc8 Nd6 40. Nxd6 Kxd6
41. Bxb7 c5+ 42. Ke4 Nc3+ 43. Kf5 Nxa2 44. Bxa6 Ke7 45. Bc4 Kf8 46. Kxg5 Kg7 47.
Kf5 Nc1 48. Kg5 Na2 49. Be6 Nc1 50. Kf5 Na2 51. Ke5 Nc1 52. Kd6 Kf6 53. Kxc5 Kxe6
54. b4 Nd3+ 1/2-1/2

[Event "Druzynowe Mistrzostwa Polski II Liga"]
[Site "Szklarska Poreba"]
[Date "1899-12-30"]
[Round "6.84"]
[White "Gonsior, Monika"]
[Black "Parol, Pola"]
[Result "1/2-1/2"]
[WhiteTitle "m"]
[BlackTitle "k+"]
[WhiteElo "1974"]
[BlackElo "1968"]

1. e4 c5 2. Nf3 d6 3. d4 cxd4 4. Qxd4 Nc6 5. Bb5 a6 6. Bxc6+ bxc6 7. c4 e5 8. Qd3
Nf6 9. Nc3 Be7 10. O-O O-O 11. h3 h6 12. Be3 Qc7 13. Rfd1 Be6 14. Rac1 Rfd8 15.
b3 a5 16. Nh2 Qb7 17. f4 exf4 18. Bxf4 d5 19. cxd5 cxd5 20. exd5 Nxd5 21. Nxd5
Rxd5 22. Qg3 Kh7 23. Nf3 Rad8 24. Rxd5 Qxd5 25. Be5 f6 26. Bd4 Bd6 27. Qf2 Qf5
28. Qc2 Bb4 29. Kf2 Qxc2+ 30. Rxc2 Bd5 31. Be3 Be4 32. Rc1 f5 33. Rc7 Bf8 34.
Nd2 Bd3 35. Nc4 Rd5 36. Nb6 Rd8 37. Nc4 Rd5 38. Nb6 Rd8 39. Nc4 Bb4 40. Ne5 1/2-1/2

[Event "Druzynowe Mistrzostwa Polski II Liga"]
[Site "Szklarska Poreba"]
[Date "1899-12-30"]
[Round "6.85"]
[White "Stachanczyk, Jacek"]
[Black "Ustianovich, Nazar"]
[Result "0-1"]
[WhiteTitle "IM"]
[BlackTitle "FM"]
[WhiteElo "2218"]
[BlackElo "2382"]

1. e4 c6 2. d4 d5 3. Nc3 dxe4 4. Nxe4 Bf5 5. Qf3 e6 6. Ne2 Be7 7. N2g3 Bg6 8. Qb3
Bxe4 9. Qxb7 Nf6 10. Qxa8 Qb6 11. a4 Bxc2 12. Be2 Bb4+ 13. Bd2 O-O 14. a5 Bxd2+
15. Kxd2 Qxb2 16. Rhc1 Bb1+ 0-1

[Event "Druzynowe Mistrzostwa Polski II Liga"]
[Site "Szklarska Poreba"]
[Date "1899-12-30"]
[Round "6.86"]
[White "Smolka, Marcin"]
[Black "Gumula, Daniel"]
[Result "1-0"]
[WhiteTitle "k"]
[BlackTitle "FM"]
[WhiteElo "2153"]
[BlackElo "2260"]

1. e4 e6 2. d4 d5 3. Nc3 Nc6 4. Nf3 Nf6 5. Bg5 Be7 6. Bd3 h6 7. exd5 hxg5 8. dxc6
bxc6 9. Qd2 g4 10. Ne5 Bb7 11. O-O-O Nd5 12. Nxd5 cxd5 13. Kb1 c6 14. Qf4 Bf6
15. Nxg4 Qe7 16. Nxf6+ gxf6 17. Rhe1 O-O-O 18. h4 f5 19. g3 Qc7 20. Re5 Rdg8 21.
Qe3 Rg4 22. Rxf5 Kb8 23. Rxf7 Qxf7 24. Qe5+ Kc8 25. Qxh8+ Kd7 26. Qb8 1-0

[Event "Druzynowe Mistrzostwa Polski II Liga"]
[Site "Szklarska Poreba"]
[Date "1899-12-30"]
[Round "6.87"]
[White "Kolosowski, Pawel"]
[Black "Musial, Tomasz"]
[Result "1/2-1/2"]
[WhiteTitle "m"]
[BlackTitle "I++"]
[WhiteElo "2224"]
[BlackElo "1985"]

1. e4 e6 2. d3 d5 3. Nd2 c5 4. Ngf3 Nc6 5. g3 Bd6 6. Bg2 Nge7 7. O-O O-O 8. Re1
Bc7 9. Nf1 b6 10. h4 Bb7 11. N1h2 dxe4 12. Ng5 exd3 13. Qh5 h6 14. Be4 Nf5 15.
Ng4 hxg5 16. hxg5 Na5 17. cxd3 Re8 18. Bd2 Bxe4 19. dxe4 Qxd2 20. Red1 Qxb2 21.
Rab1 Nxg3 22. fxg3 Qc3 23. Rd7 Qxg3+ 24. Kh1 Qf3+ 25. Kg1 Qg3+ 26. Kh1 Qf3+ 27.
Kg1 Qg3+ 28. Kh1 1/2-1/2

[Event "Druzynowe Mistrzostwa Polski II Liga"]
[Site "Szklarska Poreba"]
[Date "1899-12-30"]
[Round "6.88"]
[White "Kmak, Wieslaw"]
[Black "Garbowski, Jakub"]
[Result "0-1"]
[WhiteTitle "I"]
[BlackTitle "k"]
[WhiteElo "1867"]
[BlackElo "2156"]

1. e4 c5 2. Nc3 e6 3. f4 d5 4. exd5 exd5 5. Bb5+ Nc6 6. Nf3 Nf6 7. Qe2+ Be7 8.
Ne5 Bd7 9. Bxc6 Bxc6 10. Nxc6 bxc6 11. d3 O-O 12. O-O Re8 13. Qf3 Nd7 14. Bd2
Qb6 15. Na4 Qa6 16. b3 Nb6 17. Nxb6 axb6 18. Bc3 Qc8 19. a4 c4 20. Qg3 f6 21.
dxc4 dxc4 22. Bd4 c5 23. Bb2 Qc6 24. Rfe1 cxb3 25. cxb3 c4 26. Rec1 Bc5+ 27. Kh1
Re3 28. Qg4 Rxb3 29. Qe2 Bf8 30. Rxc4 Rxb2 31. Qxb2 Qxc4 32. Qxb6 Rxa4 33. Rxa4
Qxa4 34. Qe6+ Kh8 35. g3 Qa8+ 36. Kg1 Bc5+ 37. Kf1 Qf3+ 38. Ke1 Bb4# 0-1

[Event "Druzynowe Mistrzostwa Polski II Liga"]
[Site "Szklarska Poreba"]
[Date "1899-12-30"]
[Round "6.89"]
[White "Korcz, Daniel"]
[Black "Mucha, Marta"]
[Result "1/2-1/2"]
[WhiteTitle "I+"]
[BlackTitle "I"]
[WhiteElo "1790"]
[BlackElo "1377"]

1. e4 d5 2. exd5 Qxd5 3. Nc3 Qd6 4. d4 Nf6 5. Nf3 c6 6. g3 Bf5 7. Bg2 e6 8. O-O
Be7 9. a3 O-O 10. Bf4 Qd8 11. Qe2 Nbd7 12. Rad1 Nb6 13. Ne5 Nbd5 14. Nxd5 cxd5
15. c4 Rc8 16. c5 Nd7 17. h4 Bf6 18. Nxd7 Qxd7 19. Bd6 Rfe8 20. g4 Be4 21. Bxe4
dxe4 22. g5 Be7 23. Bxe7 Rxe7 24. Qxe4 Qa4 25. Qe3 Rd7 26. b4 Rcd8 27. Rd3 a5
28. Rb1 Rd5 29. f4 Qc2 30. Rbd1 axb4 31. axb4 Qc4 32. Qd2 Ra8 33. Qc3 Qa2 34.
R3d2 Qa4 35. Rb1 Qb5 36. Kf2 g6 37. Qd3 Qd7 38. Ke3 Rd8 39. b5 e5 40. fxe5 Qh3+
41. Kf2 Qh2+ 42. Kf3 Qh3+ 43. Kf2 Qh2+ 44. Kf3 Qh3+ 45. Kf2 1/2-1/2

[Event "Druzynowe Mistrzostwa Polski II Liga"]
[Site "Szklarska Poreba"]
[Date "1899-12-30"]
[Round "6.90"]
[White "Pyzio, Amelia"]
[Black "Pluta, Natalia"]
[Result "1-0"]
[WhiteTitle "I+"]
[BlackTitle "I++"]
[WhiteElo "1620"]
[BlackElo "1814"]

1. e4 c5 2. Nf3 Nc6 3. d4 cxd4 4. Nxd4 Nf6 5. Nc3 d6 6. Be3 g6 7. Be2 Bg7 8. O-O
O-O 9. f3 Qb6 10. Na4 Qa5 11. c4 Bd7 12. Nc3 Rac8 13. Rc1 Ne5 14. b3 a6 15. Qd2
Rfe8 16. Rfd1 Bc6 17. Kh1 Ned7 18. Bf1 Qh5 19. Be2 Qa5 20. Bf1 Nc5 21. Rc2 Qc7
22. Rdc1 Bd7 23. Rd1 Qb8 24. Nd5 Nxd5 25. cxd5 b5 26. b4 Na4 27. Rdc1 Rxc2 28.
Rxc2 Rc8 29. Bd3 Rxc2 30. Qxc2 Qc8 31. Kg1 Qxc2 32. Nxc2 Nc3 33. a3 Kf8 34. Kf1
e6 35. dxe6 fxe6 36. Ke1 Ke7 37. Kd2 Nb1+ 38. Kc1 Nc3 39. Kd2 Na4 40. Nd4 d5 41.
exd5 exd5 42. Kc2 Kd6 43. Kb3 Be5 44. g3 Kc7 45. Ne2 Nb2 46. Nf4 Kc6 47. Be2 Bf5
48. Bc1 Nc4 49. Nd3 Bd4 50. Bf4 Be6 51. g4 Bg1 52. h3 Bg8 53. Bc1 Kb6 54. Bf4
Bf7 55. Bc1 d4 56. Kc2 Be3 57. Bb2 Bd5 58. Bd1 g5 59. Be2 h6 60. Bd1 a5 61. bxa5+
Nxa5 62. Kb1 Nc4 63. Kc2 Na5 64. Kb1 Nb3 65. Kc2 Bc4 66. Be2 Nc5 67. Bf1 Bb3+
68. Kb1 Bd5 69. Ne5 Bb3 70. Be2 Ne6 71. Nd3 Bc4 72. Kc2 Nf4 73. Nxf4 gxf4 74.
Bd3 Bd5 75. Be2 Kc5 76. Ba1 Bf2 77. Bb2 Bc4 78. Bd3 Kb6 79. h4 Bd5 80. Be2 Kc5
81. h5 Be3 82. Ba1 d3+ 83. Bxd3 Bxf3 84. g5 hxg5 85. h6 Be2 86. Bxe2 f3 87. Bxf3
g4 88. h7 Kd5 1-0

[Event "Druzynowe Mistrzostwa Polski II Liga"]
[Site "Szklarska Poreba"]
[Date "1899-12-30"]
[Round "6.91"]
[White "Brzezinski, Mateusz"]
[Black "Grochowalski, Pawel"]
[Result "1-0"]
[WhiteTitle "k"]
[BlackTitle "k+"]
[WhiteElo "2119"]
[BlackElo "2134"]

1. d4 Nf6 2. Bf4 d5 3. Nf3 e6 4. e3 c5 5. c3 Nc6 6. Nbd2 Bd6 7. Bg3 Qe7 8. Bb5
Bd7 9. O-O a6 10. Bxc6 Bxc6 11. Ne5 O-O 12. Nxc6 bxc6 13. Qa4 Bxg3 14. hxg3 Qb7
15. Qb3 Qa7 16. Qa3 Nd7 17. Nb3 c4 18. Na5 c5 19. b3 cxb3 20. axb3 Rac8 21. Rac1
Qb6 22. Rfd1 Nb8 23. c4 cxd4 24. c5 Qb5 25. Rxd4 Nc6 26. Nxc6 Rxc6 27. Rb4 Qd3
28. Rb6 Rcc8 29. Qxa6 Qd2 30. Qa1 h6 31. Qc3 Qe2 32. c6 Ra8 33. Re1 Qg4 34. c7
Qf5 35. Rc6 e5 36. Qc5 e4 37. Rc1 Rfc8 38. Rd6 Ra2 39. Rf1 Kh7 40. Rxd5 Qe6 41.
Rd8 1-0

[Event "Druzynowe Mistrzostwa Polski II Liga"]
[Site "Szklarska Poreba"]
[Date "1899-12-30"]
[Round "6.92"]
[White "Baumann, Dariusz"]
[Black "Kujawski, Adam"]
[Result "1/2-1/2"]
[WhiteTitle "k"]
[BlackTitle "k"]
[WhiteElo "2067"]
[BlackElo "2245"]

1. d4 Nf6 2. c4 c5 3. d5 e6 4. Nc3 exd5 5. cxd5 d6 6. Nf3 g6 7. h3 Bg7 8. e4 O-O
9. Bd3 a6 10. a4 Nh5 11. O-O Nd7 12. Bg5 Bf6 13. Bh6 Bg7 14. Bg5 Bf6 15. Bh6 Bg7
16. Bg5 1/2-1/2

[Event "Druzynowe Mistrzostwa Polski II Liga"]
[Site "Szklarska Poreba"]
[Date "1899-12-30"]
[Round "6.94"]
[White "Cichocki, Konrad"]
[Black "Mazalon, Mariusz"]
[Result "0-1"]
[WhiteTitle "I+"]
[BlackTitle "k"]
[WhiteElo "1864"]
[BlackElo "2066"]

1. e4 c5 2. Nf3 g6 3. d4 Bg7 4. Nc3 cxd4 5. Nxd4 Nc6 6. Be3 Nf6 7. Nxc6 bxc6 8.
e5 Ng8 9. f4 f6 10. f5 Qc7 11. exf6 Nxf6 12. fxg6 hxg6 13. Qd3 Kf7 14. O-O-O d5
15. Be2 Bf5 16. Qd2 e5 17. Bg5 Qa5 18. Rdf1 Ke8 19. Bxf6 Bxf6 20. g4 Bg7 21. Kb1
Be6 22. Qg5 Rh6 23. Rf6 Kd7 24. Rhf1 Bxf6 25. Qxh6 Be7 26. Qg7 d4 27. Rd1 Rg8
28. Qh7 Ke8 29. Bf3 Qa6 30. Be4 dxc3 31. Bxg6+ Rxg6 32. Qxg6+ 0-1

[Event "Druzynowe Mistrzostwa Polski II Liga"]
[Site "Szklarska Poreba"]
[Date "1899-12-30"]
[Round "6.95"]
[White "Stoppel, Mariusz"]
[Black "Augustowski, Janusz"]
[Result "1-0"]
[WhiteTitle "I+"]
[BlackTitle "I"]
[WhiteElo "2027"]
[BlackElo "1804"]

1. e4 c5 2. Nf3 Nc6 3. d4 cxd4 4. Nxd4 e5 5. Nb3 Nf6 6. Nc3 Bb4 7. Bc4 O-O 8. O-O
Bxc3 9. bxc3 Nxe4 10. Ba3 Ne7 11. Qf3 d5 12. Bxe7 Qxe7 13. Bxd5 Nf6 14. c4 Bg4
15. Qg3 Rac8 16. Rfe1 Rfe8 17. c3 b6 18. Re3 Nxd5 19. cxd5 Bd7 20. Rae1 f6 21.
Nd2 g6 22. h3 Kg7 23. Kh1 Bf5 24. Qh4 g5 25. Qa4 Red8 26. c4 Qc5 27. Qxa7+ Rc7
28. Qa4 Bd7 29. Qb3 Ra8 30. Rb1 Qd4 31. Qxb6 Rca7 32. Ne4 Ra6 33. Qc7 R8a7 34.
Rb7 Rxb7 35. Qxb7 Ra7 36. Qb4 Bf5 37. Ng3 Bg6 38. a4 Qa1+ 39. Re1 Qa2 40. Kg1
Qxa4 41. Qxa4 Rxa4 42. Rc1 f5 43. f3 Kf7 44. Nf1 e4 45. fxe4 fxe4 46. Ne3 Ke7
47. c5 Ra8 48. Rb1 Kd7 49. Rb7+ Kd8 1-0